Historia de la literatura francesa: 900-1900

محفوظ في:
التفاصيل البيبلوغرافية
المؤلف الرئيسي: Claretie, Léo (مؤلف)
التنسيق: كتاب
اللغة:الإسبانية
منشور في: París Sociedad de Ediciones Literarias y Artísticas 1908
الموضوعات:
الوسوم: إضافة وسم
لا توجد وسوم, كن أول من يضع وسما على هذه التسجيلة!

MARC

LEADER 00000nam a2200000 a 4500
001 UCQ4902
003 CL-VaPUC
008 980910e19080000FR |||||||||||||||||spa|d
082 0 4 |a 840.9  |b CLA  |2 21 
100 0 |a Claretie, Léo  |e author  |9 419056 
245 1 0 |a Historia de la literatura francesa: 900-1900 
300 |a v 
942 |c BK 
945 |d 19980910 00:00:00  |a crobeson 
260 |a París  |b Sociedad de Ediciones Literarias y Artísticas  |c 1908 
500 |a v.1: Desde los origenes hasta fines del siglo XVII 
650 0 |a Literatura francesa  |9 266330 
650 0 |a Historia y crítica   |9 257407 
583 |a last modification  |c 19980910 00:00:00  |k Rodrigo Vera 
999 |c 275201  |d 275199 
952 |0 0  |1 0  |4 0  |6 840_900000000000000_CLA_1908  |7 0  |8 A  |9 311775  |a BIBEDU  |b BIBEDU  |d 2019-11-20  |h v.1  |i 1466844  |o 840.9 CLA 1908  |p 1466844  |r 2019-11-20  |w 2019-11-20  |y BK  |k LIT